Mrs. Caldwell habla con su hijo
محفوظ في:
| المؤلف الرئيسي: | |
|---|---|
| التنسيق: | كتاب |
| اللغة: | الإسبانية |
| منشور في: |
Barcelona
Destino
1979
|
| سلاسل: | Destino libro, 58
|
| الموضوعات: | |
| الوسوم: |
إضافة وسم
لا توجد وسوم, كن أول من يضع وسما على هذه التسجيلة!
|
MARC
| LEADER | 00000nam a2200000 a 4500 | ||
|---|---|---|---|
| 001 | UCX3923 | ||
| 003 | CL-VaPUC | ||
| 008 | 920120e19790000SP |||||||||||||||||spa|d | ||
| 082 | 0 | 4 | |a 863 |b CEL |2 21 |
| 100 | 0 | |a Cela, Camilo José |e author |9 320105 | |
| 245 | 1 | 0 | |a Mrs. Caldwell habla con su hijo |
| 300 | |a 231 p | ||
| 942 | |c BK | ||
| 945 | |d 19920120 00:00:00 | ||
| 260 | |a Barcelona |b Destino |c 1979 | ||
| 650 | 0 | |a Novelas españolas |9 265052 | |
| 583 | |a last modification |c 19920120 00:00:00 |k Rodrigo Vera | ||
| 490 | 0 | |a Destino libro, 58 | |
| 999 | |c 224541 |d 224539 | ||
| 952 | |0 0 |1 0 |4 0 |6 863_000000000000000_CEL_1979 |7 0 |8 A |9 221238 |a BIBEDU |b BIBEDU |d 2019-11-15 |i 2900203 |o 863 CEL 1979 |p 2900203 |r 2019-11-15 |w 2019-11-15 |y BK |k LIT | ||